000 01078cab a2200385 4500
001 ABS52615
008 090401t1995 xxu||||| |||| 00| 0 eng d
035 _a(Sirsi) u86617
041 _aeng
100 _aPerkins, D.
245 _aFittings in a fix!
260 _c1995
350 _a0
490 _aEstate Agent
_vMarch 1995, 24-25(2)
520 _aDistinguishes between fixtures and fittings in the light of "TSB Bank plc v Botham" (1995) which suggested that contentious items such as curtains and carpets should now be considered fixtures, not chattels.
650 _aBLINDS
650 _aDISH WASHERS
650 _aFIXTURES
650 _aFREEZERS
650 _aGAS FIRES
650 _aHOBS
650 _aKITCHEN UNITS
650 _aLIGHT FITTINGS
650 _aMIRRORS
650 _aOVEN
650 _aSHOWER HEAD
650 _aSOAP DISHES
650 _aTAP FITTINGS
650 _aTOWEL RAILS
650 _aTSB BANK PLC V BOTHAM
650 _aWHITE GOODS
690 _aPROPERTY LAW AND PRACTICE
942 _n0
948 _c04/03/1997
999 _c54541
_d54541